El Ilmo. Sr. Director general de Bellas Artes visita el Instituto del Teatro
Descripción Física:
Il·lustracions
Colección:
San Jorge,
; núm. 5 (gener 1952), pàg. 46
Materias:
Gallego Burín, Antonio, -- 1985-1961
; Instituto del Teatro (Barcelona, Catalunya)
; Visites oficials -- Barcelona (Catalunya)
Idioma:
Español
MARC
| LEADER | 00000naa a2200000 a 4500 | ||
|---|---|---|---|
| 003 | Arxiu | ||
| 005 | 20260324181024.0 | ||
| 008 | 160829s1952 spcaxx s spa c | ||
| 040 | |a agdb | ||
| 245 | 0 | 3 | |a El Ilmo. Sr. Director general de Bellas Artes visita el Instituto del Teatro |
| 246 | 3 | 3 | |a llustrísimo Señor Director general de Bellas Artes visita el Instituto del Teatro |
| 300 | |b Il·lustracions | ||
| 490 | |a San Jorge, |v núm. 5 (gener 1952), pàg. 46 | ||
| 600 | 1 | 0 | |9 54662 |a Gallego Burín, Antonio, |d 1985-1961 |
| 610 | 2 | 0 | |a Instituto del Teatro (Barcelona, Catalunya) |9 54846 |
| 650 | 0 | |a Visites oficials |9 31008 |z Barcelona (Catalunya) | |
| 773 | |t San Jorge |g Núm. 5 (gener 1952), pàg. 46 | ||
| 901 | |a Arxiu | ||
| 942 | |n 1 |2 udc |c ART | ||
| 952 | |0 0 |1 0 |4 0 |6 REV508 |7 1 |9 64611 |a Arxiu |b Arxiu |d 2022-12-02 |l 0 |o Rev-508 |r 2022-12-02 00:00:00 |w 2022-12-02 |y ARXIU |z També disponible a Rev-521 | ||
| 999 | |c 43785 |d 43785 | ||